000 00563nam a22001817a 4500
999 _c17110
_d17110
003 AR-CdUCM
008 190507b ||||| |||| 00| 0 spa d
040 _aMUNICIPALIDAD PROVINCIAL DEL CUSCO
_cBIBLIOTECA MUNICIPAL DEL CUSCO
082 _a301 /
_bM29
100 _aMaunier, René
_936968
245 _aIntroducción a la sociología /
260 _aChile :
_bLuz,
_c1933.
300 _a97 páginas ;
_c19 cm.
505 _aManuales y tratados -- Colecciones de textos -- Diccionarios...
650 _aSociología.
_9276
942 _2ddc
_cLIBROS
945 _awfj